000 00309nam a2200133Ia 4500
005 20251222141819.0
008 251222s9999||||xx |||||||||||||| ||spa||
020 _a84-254-1434-2
082 _a370.19/S29
100 _aScheuerl, Hans
245 0 _aAntropología Pedagógica:
264 _bHerder
942 _cLIB
999 _c6730
_d6730